AH International Schools' Libraries

Developing the leader within you / (Record no. 49616)

MARC details
000 -LEADER
fixed length control field 00360nam a2200121 4500
020 ## - INTERNATIONAL STANDARD BOOK NUMBER
International Standard Book Number 9780785270270
100 ## - MAIN ENTRY--PERSONAL NAME
Personal name Maxwell, John C.
9 (RLIN) 86732
245 ## - TITLE STATEMENT
Title Developing the leader within you /
Statement of responsibility, etc John C. Maxwell.
260 ## - PUBLICATION, DISTRIBUTION, ETC. (IMPRINT)
Place of publication, distribution, etc Nashville:
Name of publisher, distributor, etc Thomas Nelson Publishers;
Date of publication, distribution, etc 1993.
300 ## - PHYSICAL DESCRIPTION
Extent 207 p.
Dimensions 20 cm.
650 ## - SUBJECT ADDED ENTRY--TOPICAL TERM
Topical term or geographic name as entry element Leadership. Business.
9 (RLIN) 86734
942 ## - ADDED ENTRY ELEMENTS (KOHA)
Source of classification or shelving scheme
Koha item type Teacher's Resources
Holdings
Withdrawn status Lost status Source of classification or shelving scheme Damaged status Not for loan Collection code Home library Current library Shelving location Date acquired Full call number Barcode Date last seen Price effective from Koha item type
          TEACHERS' RESOURCES Asian Hope Secondary Library Asian Hope Secondary Library SECONDARY 10/07/2025 658.4092 MAX 208778 01/16/2026 10/07/2025 Teacher's Resources

For any Logos Library related questions please contact Miss Art at swongnarasuk@asianhope.org.

For any Asian Hope Library related questions please contact Miss Raza at graza@asianhope.org.

Click here to explore our ebooks!

Powered by Koha